| 000 | 00975nam a22003377a 4500 | ||
|---|---|---|---|
| 001 | 0000199 | ||
| 003 | KOHA_MİRAKIL | ||
| 005 | 20260207001202.0 | ||
| 007 | ta | ||
| 008 | 101112b2008 tu a|||gr||||#||||0|tur | | ||
| 020 |
_a9789755911717 _c21,69 |
||
| 040 |
_aTR-BiSEU _btur _cTR-BiSEU _erda |
||
| 041 | 0 | _atur | |
| 044 | _ctu | ||
| 050 |
_aQA184 _b.S23 2008 |
||
| 100 | 1 | _aSabuncuoğlu, Arif. | |
| 245 | 1 |
_aLineer cebir/ _cArif Sabuncuoğlu ; Arif Sabuncuoğlu. |
|
| 264 | 1 |
_aAnkara : _bNobel Yayınları _c2008 |
|
| 300 |
_a630 sayfa : _bresimli |
||
| 336 |
_ametin _btxt _2rdacontent |
||
| 337 |
_aaracısız _bn _2rdamedia |
||
| 338 |
_acilt _bnc _2rdacarrier |
||
| 490 | 1 |
_aYayın no ; _v192. |
|
| 490 | 1 |
_a Matematik İstatistik ; _v37. |
|
| 500 | _aKaynakça ve dizin var. | ||
| 650 | 0 |
_aLineer cebir. _92052 |
|
| 650 | 0 |
_aAlgebras linear. _92053 |
|
| 830 | 1 |
_aYayın no ; _v192. _91619 |
|
| 830 | 1 |
_a Matematik İstatistik ; _v37. _92054 |
|
| 942 |
_2lcc _cBK |
||
| 999 |
_c200 _d200 |
||